Central Library OPAC University of Rajshahi

Story of Indian aggressions against Pakistan / (Record no. 26755)

MARC details
000 -LEADER
fixed length control field 00758cam a22002531 4500
001 - CONTROL NUMBER
control field 26755
003 - CONTROL NUMBER IDENTIFIER
rucl marc code BD-RjUL
005 - DATE AND TIME OF LATEST TRANSACTION
control field 20211209051050.0
008 - FIXED-LENGTH DATA ELEMENTS--GENERAL INFORMATION
fixed length control field 140323s1966 pk ac 000 0 eng d
035 ## - SYSTEM CONTROL NUMBER
System control number (BD-RjUL)26826
System control number (OCoLC)11037014
040 ## - CATALOGING SOURCE
Original cataloging agency DLC
Transcribing agency NcWsW
Modifying agency DLC
-- BD-RjUL
Language of cataloging eng
041 ## - LANGUAGE CODE
Language code of text/sound track or separate title eng
082 00 - DEWEY DECIMAL CLASSIFICATION NUMBER
Classification number 954.904
Author mark and year GHS 1966
100 1# - MAIN ENTRY--PERSONAL NAME
Personal name Ghaznawi, Khalid.
9 (RLIN) 82217
245 10 - TITLE STATEMENT
Title Story of Indian aggressions against Pakistan /
Statement of responsibility, etc. Khalid Ghaznawi
260 ## - PUBLICATION, DISTRIBUTION, ETC. (IMPRINT)
Place of publication, distribution, etc. Lahore :
Name of publisher, distributor, etc. National Book House,
Date of publication, distribution, etc. 1966.
300 ## - PHYSICAL DESCRIPTION
Pagination 328 p. :
Illustrations ill. ;
Size 21 cm.
651 #0 - SUBJECT ADDED ENTRY--GEOGRAPHIC NAME
Geographic name Pakistan
General subdivision Foreign relations
Geographic subdivision India.
9 (RLIN) 82218
Geographic name India
General subdivision Foreign relations
Geographic subdivision Pakistan.
9 (RLIN) 82219
942 ## - ADDED ENTRY ELEMENTS (KOHA)
Source of classification or shelving scheme Dewey Decimal Classification
Koha item type Books
Holdings
Lost status Source of classification or shelving scheme Damaged status Not for loan Collection code Permanent Location Current Location Shelving location Date acquired Source of acquisition Cost, normal purchase price Total Checkouts Full call number Date last seen Copy number Koha item type
  Dewey Decimal Classification     Non-fiction Central Library, University of Rajshahi Central Library, University of Rajshahi   07/02/1967 Royal Book co, 20.00   954.904 GHS 1966 23/03/2014 C-3 Books
  Dewey Decimal Classification     Non-fiction Central Library, University of Rajshahi Central Library, University of Rajshahi   07/02/1967 Royal Book co, 20.00   954.904 GHS 1966 23/03/2014 C-4 Books